Escudos de Equipes da Bundesliga 25/26 - Statistics

Estatísticas Gerais
  • Esse quiz foi jogado 54 vezes
  • A pontuação média é 15 de 18
Estatísticas das Respostas
Imagem Resposta % Correto
Bayer Leverkusen
98%
Bayern München
95%
Borussia Dortmund
95%
Köln
91%
Augsburg
89%
Eintracht Frankfurt
86%
Heidenheim
86%
Hoffenheim
86%
RB Leipzig
86%
Mainz 05
84%
St. Pauli
84%
Freiburg
80%
Wolfsburg
80%
Borussia Mönchengladbach
75%
Werder Bremen
75%
Union Berlin
73%
VfB Stuttgart
73%
Hamburger
61%
Nenhum quiz correspondente encontrado
Distribuição das Pontuações
Porcentagem de Pessoas com Cada Pontuação
Percentil de Números Respondidos
Sua Pontuação Histórica
Você não jogou esse quiz